Normal view
MARC view
Entry Personal Name
001 - CONTROL NUMBER
- control field: 1994
003 - CONTROL NUMBER IDENTIFIER
- control field: BD-RjUL
005 - DATE AND TIME OF LATEST TRANSACTION
- control field: 20220323162252.0
008 - FIXED-LENGTH DATA ELEMENTS
- fixed length control field: 220323|| aca||aabn | a|a d
040 ## - CATALOGING SOURCE
- Original cataloging agency: BD-RjUL
- Transcribing agency: BD-RjUL
100 ## - HEADING--PERSONAL NAME
- Personal name: রহমান,মো: মোখলেছুর, তত্ত্বাবধায়ক
670 ## - SOURCE DATA FOUND
- Source citation: Work cat.: (BD-RjUL)79602: রহমান,মোহাম্মদ মোখলেসুর 1991, জনকল্যাণে যশোর পৌরসভার ভূমিকা (১৮৬৪-১৯৪৭) :, ২০০৬